[Event "Chigorin Memorial"]
[Site "St Petersburg"]
[Date "2015.10.11"]
[Round "9.63"]
[White "Basencyan, Mark"]
[Black "Nigmatov, Ortik"]
[Result "1/2-1/2"]
[WhiteElo "2187"]
[BlackElo "2330"]
[PlyCount "74"]
[EventDate "2015.10.03"]
[EventRounds "9"]
[EventCountry "RUS"]

1. d4 Nf6 2. c4 g6 3. Nc3 Bg7 4. e4 d6 5. Nf3 O-O 6. Be2 e5 7. O-O Nc6 8. d5
Ne7 9. a4 Nd7 10. a5 f5 11. Ng5 Nf6 12. Bf3 h6 13. Ne6 Bxe6 14. dxe6 Rb8 15. a6
b6 16. b4 fxe4 17. Nxe4 Qc8 18. Nxf6+ Rxf6 19. Be3 Qxe6 20. Bd5 Nxd5 21. cxd5
Qf5 22. Rc1 Rf7 23. Rc4 g5 24. Qc2 Qxc2 25. Rxc2 Re8 26. Rfc1 Ree7 27. Rc4 e4
28. Kf1 Kh7 29. Ke2 Kg6 30. g4 Bh8 31. h3 Bg7 32. R1c2 Bh8 33. Rc1 Bg7 34. R1c2
Bh8 35. Rc1 Bg7 36. R1c2 Bh8 37. Rc1 Bg7 1/2-1/2

[Event "Chigorin Memorial"]
[Site "St Petersburg"]
[Date "2015.10.11"]
[Round "9.64"]
[White "Nechaev, Oleg"]
[Black "Baraeva, Marina"]
[Result "1-0"]
[WhiteElo "2330"]
[BlackElo "2189"]
[PlyCount "55"]
[EventDate "2015.10.03"]
[EventRounds "9"]
[EventCountry "RUS"]

1. d4 d5 2. c4 c6 3. Nf3 Nf6 4. Nc3 dxc4 5. a4 Bf5 6. Ne5 Nbd7 7. Nxc4 Nb6 8.
Ne5 a5 9. f3 Nbd7 10. e4 Be6 11. Nxd7 Nxd7 12. d5 cxd5 13. exd5 Bf5 14. Bb5 e5
15. dxe6 Bxe6 16. Qd4 Rc8 17. Bf4 Qh4+ 18. g3 Qf6 19. Qxf6 gxf6 20. O-O-O Bb4
21. Rhe1 O-O 22. Bxd7 Bxd7 23. Rxd7 Bxc3 24. bxc3 Rxc3+ 25. Kb2 Rxf3 26. Bh6
Rf2+ 27. Kb1 Rc8 28. Rde7 1-0

[Event "Chigorin Memorial"]
[Site "St Petersburg"]
[Date "2015.10.11"]
[Round "9.65"]
[White "Derakhshani, Borna"]
[Black "Sichinava, Zviad"]
[Result "0-1"]
[WhiteElo "2186"]
[BlackElo "2329"]
[PlyCount "100"]
[EventDate "2015.10.03"]
[EventRounds "9"]
[EventCountry "RUS"]

1. e4 e6 2. d4 d5 3. Nc3 Bb4 4. e5 c5 5. a3 Ba5 6. b4 cxd4 7. Qg4 Ne7 8. bxa5
dxc3 9. Qxg7 Rg8 10. Qxh7 Nbc6 11. Nf3 Qc7 12. Bf4 Bd7 13. a6 O-O-O 14. axb7+
Kb8 15. Qd3 d4 16. Bg3 Nf5 17. Qc4 Qa5 18. Qb5 Qxb5 19. Bxb5 Nb4 20. Bd3 Nxd3+
21. cxd3 Bb5 22. Ke2 Rg4 23. Rhd1 Nxg3+ 24. fxg3 Kxb7 25. Rab1 Kc6 26. Kf2 a5
27. h4 Rgg8 28. Ng5 Rd5 29. Nf3 Kc5 30. Rbc1 Rdd8 31. Ng5 Kd5 32. Kf3 Rg6 33.
g4 f6 34. exf6 Rxf6+ 35. Kg3 e5 36. Ne4 Rf4 37. g5 Rh8 38. h5 Ke6 39. h6 Bc6
40. Nc5+ Kf5 41. Rf1 Rxf1 42. Rxf1+ Kxg5 43. Ne6+ Kg6 44. h7 Kxh7 45. Ng5+ Kg6
46. Nf7 Re8 47. Nd6 Re6 48. Nc4 Bb5 49. Nxa5 Bxd3 50. Rd1 c2 0-1

[Event "Chigorin Memorial"]
[Site "St Petersburg"]
[Date "2015.10.11"]
[Round "9.66"]
[White "Biriukov, Oleg V"]
[Black "Shubin, Kirill"]
[Result "1-0"]
[WhiteElo "2323"]
[BlackElo "2176"]
[PlyCount "49"]
[EventDate "2015.10.03"]
[EventRounds "9"]
[EventCountry "RUS"]

1. d4 Nf6 2. c4 c5 3. d5 b5 4. cxb5 a6 5. bxa6 g6 6. Nc3 Bxa6 7. e4 Bxf1 8.
Kxf1 d6 9. Nf3 Nbd7 10. g3 Bg7 11. Kg2 O-O 12. a4 Qb6 13. Qe2 Ne8 14. Bg5 Nc7
15. Bxe7 Rfe8 16. a5 Qa6 17. Qxa6 Rxa6 18. Bg5 Bxc3 19. bxc3 Rxe4 20. Rhb1 Nxd5
21. Rb7 Nf8 22. Bh6 Re8 23. Ng5 Nxc3 24. Re1 Raa8 25. Rxf7 1-0

[Event "Chigorin Memorial"]
[Site "St Petersburg"]
[Date "2015.10.11"]
[Round "9.67"]
[White "Timerkhanov, Alexander"]
[Black "Vorobjev, Dmitry"]
[Result "1-0"]
[WhiteElo "2321"]
[BlackElo "2163"]
[PlyCount "67"]
[EventDate "2015.10.03"]
[EventRounds "9"]
[EventCountry "RUS"]

1. d4 Nf6 2. Bg5 Ne4 3. Bf4 c5 4. f3 Qa5+ 5. c3 Nf6 6. d5 d6 7. e4 g6 8. Na3
Bg7 9. Nc4 Qd8 10. a4 O-O 11. Qd2 Nbd7 12. Bh6 Ne5 13. g4 Nxc4 14. Bxc4 Bxh6
15. Qxh6 e6 16. Nh3 exd5 17. exd5 Re8+ 18. Kd2 Bd7 19. Ng5 Re5 20. h4 Qe7 21.
f4 Re4 22. Bd3 Rxf4 23. Rae1 Rf2+ 24. Kc1 Qf8 25. Qxf8+ Rxf8 26. Re7 Bc8 27. h5
Nxd5 28. Ree1 Nf4 29. Bc2 Re2 30. Ref1 Nd5 31. hxg6 hxg6 32. Bb3 Be6 33. Nh7
Ne3 34. Nf6+ 1-0

[Event "Chigorin Memorial"]
[Site "St Petersburg"]
[Date "2015.10.11"]
[Round "9.68"]
[White "Pyatin, Alexander"]
[Black "Gurvich, Vitaly"]
[Result "0-1"]
[WhiteElo "2175"]
[BlackElo "2315"]
[PlyCount "64"]
[EventDate "2015.10.03"]
[EventRounds "9"]
[EventCountry "RUS"]

1. e4 c5 2. Nf3 d6 3. d4 cxd4 4. Nxd4 Nf6 5. Nc3 a6 6. g3 e5 7. Nf3 Be7 8. Bg2
O-O 9. O-O Be6 10. Nh4 g6 11. h3 Nbd7 12. Bg5 b5 13. a3 Rc8 14. Qc1 Re8 15. Bh6
Bf8 16. Rd1 Qb6 17. Be3 Qb8 18. f4 Rxc3 19. bxc3 exf4 20. Bxf4 Nh5 21. Rd3 Nc5
22. g4 Nxf4 23. Qxf4 Nxd3 24. cxd3 Qc7 25. Rc1 Qc5+ 26. d4 Qxa3 27. d5 Qc5+ 28.
Kh1 Bc8 29. Rf1 Qc7 30. Nf3 Bg7 31. Ng5 Rf8 32. h4 Qe7 0-1

[Event "Chigorin Memorial"]
[Site "St Petersburg"]
[Date "2015.10.11"]
[Round "9.69"]
[White "Pushkov, Nikolai"]
[Black "Opanasenko, Mikhail"]
[Result "1-0"]
[WhiteElo "2314"]
[BlackElo "2153"]
[PlyCount "51"]
[EventDate "2015.10.03"]
[EventRounds "9"]
[EventCountry "RUS"]

1. Nf3 c5 2. c4 Nc6 3. d4 cxd4 4. Nxd4 Nf6 5. Nc3 Qb6 6. Nb3 e6 7. e4 Bb4 8.
Bd3 Ne5 9. O-O Qd6 10. Bf4 Bxc3 11. bxc3 Qxd3 12. Bxe5 Qxe4 13. Bd4 b6 14. Re1
Qc6 15. Bxf6 gxf6 16. Qg4 Kf8 17. Nd4 Qb7 18. Qh4 Rg8 19. f3 Kg7 20. Re4 h6 21.
Rg4+ Kh7 22. Qxf6 Rxg4 23. fxg4 Qe4 24. Qxf7+ Kh8 25. Qf8+ Kh7 26. Rf1 1-0

[Event "Chigorin Memorial"]
[Site "St Petersburg"]
[Date "2015.10.11"]
[Round "9.70"]
[White "Zhurikhin, Alexander"]
[Black "Grinblat, Artemiy"]
[Result "1-0"]
[WhiteElo "2309"]
[BlackElo "2099"]
[PlyCount "87"]
[EventDate "2015.10.03"]
[EventRounds "9"]
[EventCountry "RUS"]

1. e4 c5 2. Nf3 e6 3. d4 cxd4 4. Nxd4 Nc6 5. Nb5 d6 6. c4 a6 7. Nd4 Nf6 8. Nc3
Be7 9. Be2 O-O 10. O-O Qc7 11. Be3 Ne5 12. Rc1 b6 13. f4 Ned7 14. Bf3 Bb7 15.
b4 Rac8 16. g4 Qd8 17. Qb3 Qc7 18. Nd5 exd5 19. cxd5 Qd8 20. Nc6 Bxc6 21. dxc6
Nb8 22. c7 Rxc7 23. Bxb6 Rxc1 24. Bxd8 Rxf1+ 25. Kxf1 Rxd8 26. g5 Nfd7 27. Qd5
Nf8 28. Bd1 Ne6 29. Bb3 Nd7 30. h4 Rb8 31. a3 Nb6 32. Qc6 Nd8 33. Qe8+ Bf8 34.
Bxf7+ Nxf7 35. Qxb8 Nc4 36. Qa8 Nxa3 37. Qxa6 Nc2 38. b5 d5 39. b6 Nb4 40. Qc8
dxe4 41. b7 Na6 42. Qe6 Nc5 43. Qd5 Nxb7 44. Qxb7 1-0

[Event "Chigorin Memorial"]
[Site "St Petersburg"]
[Date "2015.10.11"]
[Round "9.71"]
[White "Pimenov, Valeri"]
[Black "Chekletsov, Ilya"]
[Result "0-1"]
[WhiteElo "2171"]
[BlackElo "2299"]
[PlyCount "72"]
[EventDate "2015.10.03"]
[EventRounds "9"]
[EventCountry "RUS"]

1. e4 c5 2. Nf3 d6 3. d4 cxd4 4. Nxd4 Nf6 5. Nc3 g6 6. Be2 Bg7 7. O-O O-O 8.
Bg5 Nc6 9. Nb3 a6 10. Kh1 b5 11. a3 Be6 12. f4 Rc8 13. f5 Bc4 14. fxg6 hxg6 15.
Bxc4 bxc4 16. Nd4 Nxd4 17. Qxd4 Nh7 18. Qe3 Nxg5 19. Qxg5 e6 20. Qd2 Qb6 21.
Rab1 Qc6 22. Qe3 Rb8 23. h4 d5 24. e5 Qc7 25. Rbe1 Rxb2 26. Re2 Qe7 27. g3 f6
28. Ref2 f5 29. Rh2 Qb7 30. Qd4 Qb6 31. Qf4 d4 32. Nd1 Rb1 33. h5 gxh5 34. Rxh5
Qc6+ 35. Kh2 Qe4 36. Rg5 Rf7 0-1

[Event "Chigorin Memorial"]
[Site "St Petersburg"]
[Date "2015.10.11"]
[Round "9.73"]
[White "Yudkevich, Mikhail"]
[Black "Tarasov, Alexandr"]
[Result "0-1"]
[WhiteElo "2154"]
[BlackElo "2297"]
[PlyCount "72"]
[EventDate "2015.10.03"]
[EventRounds "9"]
[EventCountry "RUS"]

1. Nf3 Nf6 2. c4 e6 3. g3 a6 4. Bg2 b5 5. b3 Bb7 6. O-O Be7 7. Bb2 c5 8. d3 O-O
9. Nc3 Qb6 10. a4 bxc4 11. dxc4 d6 12. Re1 Nc6 13. e4 Rab8 14. Rb1 Ba8 15. Ba1
Nd7 16. Na2 Rfd8 17. Bc3 Nde5 18. Qc2 Bf6 19. Nc1 Nxf3+ 20. Bxf3 Bxc3 21. Qxc3
Rd7 22. Nd3 e5 23. Bg4 Re7 24. Re3 Qa5 25. Qc1 Nd4 26. Ne1 Bc6 27. Kf1 Reb7 28.
Bd1 Qc7 29. Qa3 Qd7 30. Rc1 f5 31. f3 fxe4 32. fxe4 Qh3+ 33. Kg1 Rf7 34. Ng2
Rbf8 35. Be2 Rf2 36. Bf1 Nc2 0-1

[Event "Chigorin Memorial"]
[Site "St Petersburg"]
[Date "2015.10.11"]
[Round "9.74"]
[White "Smirnov, Timofey"]
[Black "Tersinsev, Andrey"]
[Result "1-0"]
[WhiteElo "2289"]
[BlackElo "2023"]
[PlyCount "105"]
[EventDate "2015.10.03"]
[EventRounds "9"]
[EventCountry "RUS"]

1. e4 c5 2. Nf3 Nc6 3. d4 cxd4 4. Nxd4 e5 5. Nb5 d6 6. N1c3 a6 7. Na3 Be7 8.
Nd5 Nf6 9. Nxf6+ Bxf6 10. Nc4 O-O 11. Be3 Nd4 12. c3 b5 13. cxd4 bxc4 14. d5
Bg5 15. Qd2 Bxe3 16. Qxe3 Qa5+ 17. Qd2 Qxd2+ 18. Kxd2 f5 19. Bxc4 fxe4 20. Ke3
Rb8 21. b3 a5 22. Rhf1 Bf5 23. Rac1 Rb6 24. Rc3 Ra8 25. Rfc1 a4 26. bxa4 Rxa4
27. Bb3 Ra7 28. Rc6 Rab7 29. Rxb6 Rxb6 30. Rc6 Rxc6 31. dxc6+ Kf8 32. a4 Ke7
33. a5 Bc8 34. Bc4 d5 35. a6 Bxa6 36. Bxa6 Kd6 37. Bb7 Kc7 38. Kd2 g5 39. g4 d4
40. Ba8 h6 41. h3 Kb8 42. c7+ Kxc7 43. Bxe4 Kd6 44. Kd3 Kc5 45. Bf3 Kb4 46. Ke4
Kc3 47. Kxe5 d3 48. Kf6 Kd2 49. Kg6 Ke1 50. Kxh6 Kxf2 51. Bc6 Kg3 52. Kxg5 Kxh3
53. Kh5 1-0

[Event "Chigorin Memorial"]
[Site "St Petersburg"]
[Date "2015.10.11"]
[Round "9.75"]
[White "Azimov, Ilyas"]
[Black "Artamonov, Valery"]
[Result "0-1"]
[WhiteElo "2140"]
[BlackElo "2287"]
[PlyCount "96"]
[EventDate "2015.10.03"]
[EventRounds "9"]
[EventCountry "RUS"]

1. e4 c5 2. Nf3 Nc6 3. Bb5 g6 4. O-O Bg7 5. Bxc6 bxc6 6. d3 Nh6 7. Nc3 O-O 8.
Be3 d6 9. h3 f5 10. Qd2 Nf7 11. Nh2 Rb8 12. Rab1 fxe4 13. Nxe4 Bf5 14. b3 Rb4
15. a3 Rxe4 16. dxe4 Bxe4 17. Rbd1 Qc8 18. Rfe1 Qf5 19. g4 Qf6 20. f4 Qb2 21.
Bxc5 Bxc2 22. Bd4 Bxd4+ 23. Qxd4 Qxb3 24. Rc1 Qg3+ 25. Kh1 Bb3 26. Re3 Bd5+ 27.
Qxd5 Qxe3 28. Qxc6 Qxf4 29. Rf1 Qg3 30. Rf3 Qe5 31. Qb7 d5 32. Qxa7 Rb8 33. Nf1
Ng5 34. Re3 Ne4 35. Rf3 d4 36. Qa6 Ng5 37. Rf2 Qe4+ 38. Kh2 d3 39. Qa7 Qe5+ 40.
Kg2 Ne4 41. Rf3 d2 42. Qa4 Rd8 43. Ne3 Ng5 44. Qb3+ Kg7 45. Rf1 Qe4+ 46. Kh2
Nf3+ 47. Kg3 Rd3 48. Qb2+ Nd4 0-1

[Event "Chigorin Memorial"]
[Site "St Petersburg"]
[Date "2015.10.11"]
[Round "9.76"]
[White "Sergeeva, Natalia"]
[Black "Leontiev, Aleksandr V"]
[Result "0-1"]
[WhiteElo "2077"]
[BlackElo "2281"]
[PlyCount "161"]
[EventDate "2015.10.03"]
[EventRounds "9"]
[EventCountry "RUS"]

1. e4 Nf6 2. e5 Nd5 3. d4 d6 4. Nf3 Bg4 5. Be2 e6 6. O-O Be7 7. c4 Nb6 8. Nc3
O-O 9. Be3 Nc6 10. exd6 cxd6 11. b3 d5 12. c5 Nc8 13. a3 Bf6 14. b4 a6 15. h3
Bxf3 16. Bxf3 N8e7 17. Ne2 Nf5 18. Rb1 g6 19. g3 Bg7 20. Qd2 Qf6 21. Rbd1 Rad8
22. Bg2 h6 23. g4 Nxe3 24. fxe3 Qh4 25. Rf3 h5 26. gxh5 Qxh5 27. Qe1 e5 28.
dxe5 Qxe5 29. Nf4 Rfe8 30. a4 Bh6 31. b5 axb5 32. axb5 Nd4 33. Rf1 Nc2 34. Qh4
Bg5 35. Qf2 Nxe3 36. Rde1 Re7 37. h4 Bxf4 38. Qxf4 Qc3 39. Rc1 Qb2 40. Qf2 Qxb5
41. Qf6 Qe8 42. Rfe1 Re6 43. Qg5 Qe7 44. Rb1 Rd7 45. Bh3 Nf5 46. Rf1 Qxg5+ 47.
hxg5 Re5 48. Bxf5 gxf5 49. Rb6 d4 50. c6 bxc6 51. Rxc6 d3 52. Rcc1 d2 53. Rcd1
Kg7 54. Kf2 Kg6 55. Rg1 Re4 56. Kf3 Rd3+ 57. Kf2 Rg4 58. Rh1 Kxg5 59. Ke2 Rd8
60. Rh2 Re4+ 61. Kf1 Rf4+ 62. Ke2 Re4+ 63. Kf3 Rd3+ 64. Kf2 Rh4 65. Rg2+ Kf6
66. Ke2 Rhd4 67. Rg8 f4 68. Rh8 Re3+ 69. Kf1 Kf5 70. Rh2 Red3 71. Kf2 Ke4 72.
Rh4 Rf3+ 73. Ke2 Re3+ 74. Kf2 Kd3 75. Ra1 Kc2 76. Rxf4 Rxf4+ 77. Kxe3 Rf6 78.
Ra2+ Kc1 79. Ra1+ Kb2 80. Rh1 Kc2 81. Rh2 0-1

[Event "Chigorin Memorial"]
[Site "St Petersburg"]
[Date "2015.10.11"]
[Round "9.77"]
[White "Gorovenko, Darya"]
[Black "Miroshnichenko, Pavel"]
[Result "0-1"]
[WhiteElo "2024"]
[BlackElo "2255"]
[PlyCount "124"]
[EventDate "2015.10.03"]
[EventRounds "9"]
[EventCountry "RUS"]

1. d4 Nf6 2. Nf3 d5 3. c4 dxc4 4. e3 Bg4 5. Bxc4 e6 6. O-O a6 7. Qe2 Nc6 8. Rd1
Bd6 9. h3 Bh5 10. Kh1 Qe7 11. Nc3 e5 12. g4 exd4 13. Nxd4 Nxd4 14. exd4 Qxe2
15. Bxe2 Bg6 16. Bf3 O-O-O 17. Bg5 h5 18. Kg1 hxg4 19. hxg4 Rh3 20. Bg2 Bh2+
21. Kf1 Rd3 22. Bxf6 gxf6 23. Nd5 Kb8 24. f4 Rxd1+ 25. Rxd1 f5 26. gxf5 Bxf5
27. Ne3 Bc8 28. f5 Bf4 29. Kf2 Bxe3+ 30. Kxe3 Bxf5 31. Rf1 Bg6 32. Rf6 c6 33.
b4 Re8+ 34. Kd2 Rh8 35. Ke3 Rh2 36. Kf3 Kc7 37. a4 Rh5 38. Ke3 Kd7 39. Bf3 Rg5
40. d5 Ke7 41. dxc6 Kxf6 42. cxb7 Re5+ 43. Kd4 Re8 44. Kc5 Ke5 45. b5 Bd3 46.
Bc6 Rb8 47. bxa6 Bxa6 48. Kb6 Kd6 49. Bf3 Bxb7 50. Bxb7 Rh8 51. a5 Rh2 52. Ba6
Rh8 53. Bb7 Rh2 54. Ba6 Rh6 55. Bc8 Kd5+ 56. Kb7 Kc5 57. a6 Rb6+ 58. Ka8 Kc6
59. a7 Kc7 60. Be6 Rd6 61. Bc8 Rh6 62. Be6 Rh8+ 0-1

[Event "Chigorin Memorial"]
[Site "St Petersburg"]
[Date "2015.10.11"]
[Round "9.78"]
[White "Volkov, Anton"]
[Black "Kunin, Pavel"]
[Result "1-0"]
[WhiteElo "2255"]
[BlackElo "1957"]
[PlyCount "81"]
[EventDate "2015.10.03"]
[EventRounds "9"]
[EventCountry "RUS"]

1. e4 c5 2. Nf3 e6 3. d4 cxd4 4. Nxd4 a6 5. Bd3 Qc7 6. O-O Nf6 7. c4 Be7 8. Nc3
O-O 9. Qe2 d6 10. Be3 Nc6 11. f4 h5 12. Kh1 g6 13. Nxc6 bxc6 14. f5 Ng4 15. Bf4
Bf6 16. h3 Ne5 17. Bh6 Bg7 18. Bxg7 Kxg7 19. f6+ Kh7 20. Rad1 c5 21. Qd2 Bb7
22. Be2 Rad8 23. Qg5 Rh8 24. Bxh5 Kg8 25. Be2 Kf8 26. Rd2 Ke8 27. Rf4 Rh7 28.
Kg1 Qb6 29. h4 Rd7 30. h5 Kd8 31. Rf1 Kc7 32. hxg6 Nxg6 33. Rfd1 Bc6 34. Qg3
Ne5 35. Rxd6 Rxd6 36. Qxe5 Be8 37. Rd5 Rh8 38. b4 Kd7 39. Na4 Qc7 40. Nxc5+ Kc6
41. b5+ 1-0

[Event "Chigorin Memorial"]
[Site "St Petersburg"]
[Date "2015.10.11"]
[Round "9.79"]
[White "Repkin, Alexander"]
[Black "Eraschenkov, Denis"]
[Result "0-1"]
[WhiteElo "2013"]
[BlackElo "2402"]
[PlyCount "66"]
[EventDate "2015.10.03"]
[EventRounds "9"]
[EventCountry "RUS"]

1. d4 Nf6 2. c4 g6 3. Nc3 Bg7 4. e4 d6 5. Nf3 O-O 6. Be2 e5 7. d5 a5 8. Be3 Ng4
9. Bg5 f6 10. Bh4 Na6 11. Nd2 Nh6 12. f3 Nc5 13. b3 Nf7 14. Bf2 f5 15. O-O Bh6
16. Rb1 fxe4 17. Ndxe4 Bf5 18. Nxc5 dxc5 19. Bd3 b6 20. Re1 Nd6 21. a4 Qf6 22.
Bg3 Rae8 23. Be4 Bd7 24. Rb2 Nf5 25. Bxf5 gxf5 26. Rc2 Rf7 27. Kh1 Rg7 28. Qd3
e4 29. fxe4 Qd4 30. Qf3 fxe4 31. Rxe4 Rxe4 32. Qxe4 Rf7 33. Qe1 Bd2 0-1

[Event "Chigorin Memorial"]
[Site "St Petersburg"]
[Date "2015.10.11"]
[Round "9.80"]
[White "Fraiman, Dmitry"]
[Black "Lokander, Martin"]
[Result "1-0"]
[WhiteElo "2122"]
[BlackElo "2369"]
[PlyCount "65"]
[EventDate "2015.10.03"]
[EventRounds "9"]
[EventCountry "RUS"]

1. e4 e5 2. Nc3 Nc6 3. Nf3 Nf6 4. Be2 d5 5. exd5 Nxd5 6. O-O Nxc3 7. bxc3 e4 8.
Ne1 f5 9. g3 Bd6 10. Ng2 O-O 11. d4 Na5 12. f3 exf3 13. Bxf3 Be6 14. Re1 Qd7
15. Bf4 Rfe8 16. d5 Bf7 17. Qd3 Bc5+ 18. Kh1 Rad8 19. Rxe8+ Rxe8 20. Ne3 g6 21.
Nc4 Nxc4 22. Qxc4 Bd6 23. Qd4 Bxf4 24. gxf4 Qd6 25. Rd1 b6 26. Kg2 Qa3 27. h4
Qxa2 28. h5 gxh5 29. Kh3 Bg6 30. d6 Re4 31. Bxe4 fxe4 32. d7 Qe6+ 33. Kh2 1-0

[Event "Chigorin Memorial"]
[Site "St Petersburg"]
[Date "2015.10.11"]
[Round "9.81"]
[White "Yashmetov, Mikhail"]
[Black "Kenneskog, Theodor"]
[Result "0-1"]
[WhiteElo "2123"]
[BlackElo "2334"]
[PlyCount "78"]
[EventDate "2015.10.03"]
[EventRounds "9"]
[EventCountry "RUS"]

1. d4 Nf6 2. c4 g6 3. Nc3 d5 4. cxd5 Nxd5 5. Na4 Bg7 6. e4 Nb6 7. Be3 O-O 8.
Nf3 Bg4 9. Nc5 Nc6 10. d5 Ne5 11. Be2 Nec4 12. Bd4 Bxf3 13. gxf3 Nxb2 14. Qd2
N2c4 15. Qc3 e5 16. Bxc4 exd4 17. Qd3 Qe7 18. Nb3 Qb4+ 19. Nd2 Nxc4 20. Qxc4
Qxc4 21. Nxc4 c6 22. dxc6 Rac8 23. Na5 b6 24. Nb3 Rxc6 25. O-O d3 26. Rac1 Rfc8
27. Rxc6 Rxc6 28. Rd1 Rc3 29. Nc1 d2 30. Nb3 Bh6 31. Kf1 Rxf3 32. Ke2 Rc3 33.
Nxd2 Rc2 34. a4 Kf8 35. Kd3 Rxd2+ 36. Rxd2 Bxd2 37. Kxd2 Ke7 38. Kd3 Kd6 39.
Kd4 g5 0-1

[Event "Chigorin Memorial"]
[Site "St Petersburg"]
[Date "2015.10.11"]
[Round "9.82"]
[White "Ovod, Evgenija"]
[Black "Feduk, Viktor"]
[Result "1/2-1/2"]
[WhiteElo "2328"]
[BlackElo "2136"]
[PlyCount "157"]
[EventDate "2015.10.03"]
[EventRounds "9"]
[EventCountry "RUS"]

1. d4 Nf6 2. Bg5 d5 3. e3 c5 4. Bxf6 exf6 5. Nc3 Be6 6. Nge2 Nc6 7. g3 Qb6 8.
Bg2 cxd4 9. exd4 Bb4 10. O-O O-O-O 11. Na4 Qb5 12. c3 Bd6 13. b3 Bg4 14. f3 Bf5
15. Rf2 Kb8 16. Bf1 Qd3 17. Qc1 Qc2 18. Qxc2 Bxc2 19. Nf4 Bxf4 20. Rxc2 Bc7 21.
Nc5 h5 22. Re1 h4 23. Kf2 g5 24. b4 Bd6 25. Bg2 hxg3+ 26. hxg3 Ne7 27. Rh1 Rxh1
28. Bxh1 Rh8 29. Bg2 Nf5 30. Nd7+ Kc8 31. Nxf6 Bxg3+ 32. Ke2 Rh2 33. Kd3 Nh4
34. Bf1 Rh1 35. Rc1 Nxf3 36. Nxd5 Ne1+ 37. Ke2 Rh2+ 38. Ke3 f5 39. Bc4 Rb2 40.
Rxe1 f4+ 41. Ke4 Bxe1 42. a4 Kd8 43. a5 g4 44. a6 bxa6 45. Nxf4 Bxc3 46. Bxa6
Rxb4 47. Ne2 Be1 48. Kf4 g3 49. Nxg3 Bxg3+ 50. Kxg3 Rxd4 51. Kf3 Kc7 52. Ke3
Rd6 53. Bd3 Kb6 54. Kd2 Kc5 55. Kc3 a5 56. Bc2 Kb5 57. Bb3 Rh6 58. Bf7 Rh3+ 59.
Kb2 Kb4 60. Ka2 Rh2+ 61. Ka1 a4 62. Be6 Re2 63. Bf7 Ka3 64. Kb1 Rf2 65. Be6 Kb4
66. Bg8 Kc3 67. Ka1 Rb2 68. Bf7 Rg2 69. Be6 Rh2 70. Bf7 Kb4 71. Be6 Rg2 72. Bf7
Ka3 73. Kb1 Rf2 74. Bg8 Rf1+ 75. Kc2 Rf8 76. Be6 Rb8 77. Bf7 Rb2+ 78. Kc1 Rb3
79. Kc2 1/2-1/2

[Event "Chigorin Memorial"]
[Site "St Petersburg"]
[Date "2015.10.11"]
[Round "9.83"]
[White "Trapeznikova, Darya"]
[Black "Samdanov, Samdan"]
[Result "1-0"]
[WhiteElo "2092"]
[BlackElo "2315"]
[PlyCount "69"]
[EventDate "2015.10.03"]
[EventRounds "9"]
[EventCountry "RUS"]

1. d4 g6 2. c4 Bg7 3. e4 d6 4. Nf3 Bg4 5. Be2 Nc6 6. Be3 e5 7. d5 Bxf3 8. Bxf3
Nd4 9. Nc3 c5 10. dxc6 bxc6 11. O-O Ne7 12. b4 O-O 13. Rb1 f5 14. Bxd4 exd4 15.
Ne2 Qb6 16. exf5 Rxf5 17. b5 Rxf3 18. gxf3 c5 19. Ng3 Rf8 20. Re1 Nf5 21. Nxf5
Rxf5 22. Re4 Qd8 23. Qe2 Be5 24. f4 Rxf4 25. Rxf4 Bxf4 26. Qg4 Qf6 27. Re1 Be5
28. a4 h5 29. Qg2 Kg7 30. a5 d3 31. b6 a6 32. b7 d5 33. Qxd5 Bxh2+ 34. Kxh2
Qxf2+ 35. Kh3 1-0

[Event "Chigorin Memorial"]
[Site "St Petersburg"]
[Date "2015.10.11"]
[Round "9.84"]
[White "Hojjatova, Aydan"]
[Black "Lagashin, Pavel"]
[Result "1-0"]
[WhiteElo "2315"]
[BlackElo "2107"]
[PlyCount "91"]
[EventDate "2015.10.03"]
[EventRounds "9"]
[EventCountry "RUS"]

1. b3 e5 2. Bb2 Nc6 3. e3 Nf6 4. Bb5 Bd6 5. Na3 a6 6. Bxc6 dxc6 7. Nc4 Qe7 8.
Ne2 Bd7 9. O-O b5 10. Nxd6+ cxd6 11. Ng3 h5 12. f4 Ng4 13. h3 h4 14. Ne4 Nh6
15. fxe5 dxe5 16. Qh5 O-O-O 17. Qxe5 Qxe5 18. Bxe5 Nf5 19. Nc5 Rh5 20. e4 Ne3
21. dxe3 Rxe5 22. b4 Be6 23. Rfd1 Rxd1+ 24. Rxd1 Bxa2 25. Ra1 Be6 26. Kf2 g5
27. Rxa6 Kc7 28. Kf3 Kd6 29. Nd3 g4+ 30. Kf4 Rh5 31. hxg4 Rh8 32. Ne5 Rc8 33.
g5 Rc7 34. Nf3 h3 35. gxh3 Bxh3 36. Nd4 Kd7 37. Ke5 Bf1 38. Nb3 Bc4 39. Nc5+
Ke7 40. Ra8 Be2 41. Rh8 Bc4 42. Rh7 Kf8 43. Kf6 Kg8 44. Rg7+ Kf8 45. g6 Re7 46.
Rh7 1-0

[Event "Chigorin Memorial"]
[Site "St Petersburg"]
[Date "2015.10.11"]
[Round "9.86"]
[White "Kurilo, Vladislav"]
[Black "Malyshev, Grigory"]
[Result "1/2-1/2"]
[WhiteElo "2088"]
[BlackElo "2293"]
[PlyCount "81"]
[EventDate "2015.10.03"]
[EventRounds "9"]
[EventCountry "RUS"]

1. e4 c6 2. c4 d5 3. exd5 cxd5 4. cxd5 Nf6 5. Nf3 Nxd5 6. Nc3 Nxc3 7. bxc3 g6
8. d4 Bg7 9. Bd3 O-O 10. O-O Nc6 11. Re1 Re8 12. Bf4 e6 13. Qd2 b6 14. Be4 Bb7
15. Rad1 Na5 16. Bxb7 Nxb7 17. c4 Na5 18. Rc1 Rc8 19. Qd3 Qd7 20. d5 f6 21. c5
exd5 22. Rxe8+ Rxe8 23. cxb6 axb6 24. Rc7 Qe6 25. Qa6 Qe4 26. Be3 Nc4 27. h3
Nxe3 28. fxe3 Qxe3+ 29. Kh1 Bh6 30. Qb7 Qd3 31. Rxh7 Re1+ 32. Ng1 Rxg1+ 33.
Kxg1 Be3+ 34. Kh2 Bf4+ 35. Kg1 Qe3+ 36. Kf1 Qd3+ 37. Kg1 Qd1+ 38. Kf2 Qd4+ 39.
Ke2 Qc4+ 40. Kf2 Qc2+ 41. Kf1 1/2-1/2

[Event "Chigorin Memorial"]
[Site "St Petersburg"]
[Date "2015.10.11"]
[Round "9.87"]
[White "Isakov, Andrey"]
[Black "Khusenkhojaev, Mustafokhuja"]
[Result "1/2-1/2"]
[WhiteElo "2286"]
[BlackElo "2092"]
[PlyCount "116"]
[EventDate "2015.10.03"]
[EventRounds "9"]
[EventCountry "RUS"]

1. e4 e5 2. Nf3 Nc6 3. Bb5 a6 4. Ba4 Nf6 5. d3 b5 6. Bb3 Be7 7. a4 b4 8. a5 O-O
9. O-O d6 10. Nbd2 Be6 11. Nc4 h6 12. Ba4 Nb8 13. Qe1 Nbd7 14. Bc6 Rb8 15. Be3
d5 16. exd5 Bxd5 17. Bxd5 Nxd5 18. Nfxe5 Nxe5 19. Nxe5 Qd6 20. Nc4 Qg6 21. Qd1
Rfd8 22. b3 Bf6 23. Rc1 Rb5 24. Qf3 Nc3 25. Rce1 Rh5 26. Bd2 Nb5 27. Qe4 Nd4
28. Qxg6 fxg6 29. Ne3 Rxa5 30. Bxb4 Ra2 31. Ng4 Nxc2 32. Nxf6+ gxf6 33. Be7 Re8
34. Re6 Kf7 35. Rxf6+ Kxe7 36. Rxg6 Rd8 37. f4 Rxd3 38. f5 Ra1 39. f6+ Kf8 40.
Rxh6 Rxf1+ 41. Kxf1 Rxb3 42. Kf2 Ne3 43. h3 Nf5 44. Rh7 c5 45. g4 Ng3 46. Re7
c4 47. g5 Nf5 48. Rc7 Nd6 49. g6 Ne4+ 50. Ke2 Nxf6 51. Rf7+ Kg8 52. Rxf6 Rxh3
53. Rxa6 Kg7 54. Kd2 c3+ 55. Kc2 Rg3 56. Rc6 Rg1 57. Rc8 Rg2+ 58. Kxc3 Rxg6
1/2-1/2

[Event "Chigorin Memorial"]
[Site "St Petersburg"]
[Date "2015.10.11"]
[Round "9.88"]
[White "Karpenko, Artem"]
[Black "Kopylov, Yuriy"]
[Result "1/2-1/2"]
[WhiteElo "2274"]
[BlackElo "2088"]
[PlyCount "80"]
[EventDate "2015.10.03"]
[EventRounds "9"]
[EventCountry "RUS"]

1. e4 c5 2. Nf3 Nc6 3. Bb5 g6 4. O-O Bg7 5. Re1 Nf6 6. c3 O-O 7. h3 Ne8 8. d3
Nc7 9. Bxc6 dxc6 10. Be3 b6 11. Qd2 e5 12. Na3 Ba6 13. Rad1 Ne6 14. Qe2 Qe7 15.
Nc4 Bxc4 16. dxc4 Rad8 17. a3 Rxd1 18. Rxd1 Rd8 19. Ne1 Rd7 20. Rxd7 Qxd7 21.
Nd3 Bf6 22. g3 Nd8 23. Kg2 Qe6 24. b3 Qe7 25. h4 h5 26. Qd2 Qd7 27. Qe2 Kg7 28.
Ne1 Ne6 29. Bc1 Kg8 30. Nc2 Bg7 31. Ne3 Bh6 32. Kh2 Nc7 33. Bd2 Ne8 34. Nf1
Bxd2 35. Nxd2 Nf6 36. f3 Kg7 37. Nf1 Ne8 38. Ne3 Nc7 39. Ng2 Ne8 40. Ne1 Nf6
1/2-1/2